Couldn’t Make It Any Harder - Sabrina Carpenter - Statistics

General Stats
  • This quiz has been taken 82 times
  • The average score is 169 of 194
Answer Stats
% Correct
I
100%
me
100%
to
100%
Any
97%
couldn't
97%
hard
97%
harder
97%
it
97%
make
97%
you
97%
You
97%
Your
97%
your
97%
you're
97%
but
93%
But
93%
can
93%
don't
93%
know
93%
love
93%
take
93%
the
93%
And
90%
are
90%
be
90%
how
90%
I'd
90%
my
90%
say
90%
touch
90%
am
87%
arms
87%
let
87%
no
87%
Oh,
87%
Oh
87%
So
87%
that
87%
what
87%
you'll
87%
You'll
87%
can't
83%
easy
83%
for
83%
frustrated
83%
is
83%
makes
83%
not
83%
now
83%
than
83%
this
83%
was
83%
Well,
83%
easier
80%
full
80%
give
80%
glass
80%
half
80%
heart
80%
in
80%
just
80%
meet
80%
of
80%
they
80%
will
80%
as
77%
'Cause
77%
emotion
77%
kind
77%
look
77%
never
77%
nice
77%
should
77%
someone
77%
tell
77%
them
77%
version
77%
believe
73%
Meeting
73%
reachin'
73%
tryna
73%
want
73%
with
73%
eager
70%
Filled
70%
Fuckboys
70%
goddamn
70%
I'm
70%
one
70%
stomach
70%
thank
70%
comments
67%
day,
67%
folded,
67%
graveyard
67%
Heard
67%
Meanwhile,
67%
Would've
63%
throbbin'
60%
formative
57%
reactionary
57%
pivotal
50%
why
50%
(Ooh)
40%
No matching quizzes found
Score Distribution
Percent of People with Each Score
Percentile by Number Answered
Your Score History
You have not taken this quiz